Sports Quiz

Random Sports or World Quiz

Marketable Sports People Quiz Stats

Quiz not verified by Sporcle

Challenge
Share
Tweet
Embed
Score 0/50 Timer 15:00
0 Plays Today
Discipline Sportsperson % Correct
BasketballLeBron James
90.3%
AthleticsUsain Bolt
88.1%
BasketballKobe Bryant
79.1%
SwimmingMichael Phelps
76.9%
American FootballTom Brady
73.1%
BasketballDwayne Wade
65.7%
SoccerCristiano Ronaldo
62.7%
SoccerLionel Messi
57.5%
BasketballYao Ming
56%
TennisRafael Nadal
53%
Snowboarding/SkateboardingShaun White
46.3%
BasketballKevin Durant
40.3%
BoxingManny Pacquiao
39.6%
TennisAndy Murray
37.3%
TennisMaria Sharapova
37.3%
Auto-RacingLewis Hamilton
36.6%
SoccerWayne Rooney
35.8%
Ice HockeySidney Crosby
32.8%
BasketballCarmelo Anthony
32.1%
BaseballAlbert Pujols
29.1%
Auto-RacingDanica Patrick
27.6%
SoccerNeymar
27.6%
BasketballDeron Williams
26.9%
AthleticsTyson Gay
26.1%
GolfRory McIlroy
26.1%
Discipline Sportsperson % Correct
American FootballTim Tebow
25.4%
Ice HockeyAlex Ovechkin
25.4%
Auto-RacingDale Earnhardt Jr.
24.6%
Auto-RacingSebastian Vettel
24.6%
SoccerSamuel Eto'o
22.4%
Auto-RacingFernando Alonso
20.9%
SkiingLindsey Vonn
20.1%
TennisCaroline Wozniacki
18.7%
MMAAnderson Silva
17.2%
Rugby UnionDan Carter
15.7%
AthleticsJessica Ennis
15.7%
American FootballMark Sanchez
14.9%
BadmintonLin Dan
14.9%
SoccerMesut Özil
14.2%
Moto-RacingValentino Rossi
13.4%
CyclingMark Cavendish
13.4%
American FootballSam Bradford
9.7%
BaseballBrian Wilson
9.7%
CricketMS Dhoni
9.7%
CricketYuvraj Singh
9%
BaseballJoe Mauer
6.7%
Auto-Racing/Moto-RacingTravis Pastrana
6%
GolfRyo Ishikawa
5.2%
AthleticsLiu Xiang
5.2%
BaseballYū Darvish
1.5%

You're not logged in!

Compare scores with friends on all Sporcle quizzes.
Sign Up with Email
OR
Log In

You Might Also Like...

Show Comments

Extras

Top Quizzes Today


Score Distribution

Your Account Isn't Verified!

In order to create a playlist on Sporcle, you need to verify the email address you used during registration. Go to your Sporcle Settings to finish the process.